Loading...
| MB | 7 | 9 | 0 | 1 | 195 | 19 | 69.69 | 3 | 11 | 0.00 | 0.00 |
| RC | 2 | 7 | 0 | 1 | 100 | 30 | 96.44 | 3 | 5 | 0.00 | 0.00 |
| MV | 2 | 0 | 0 | 0 | 30 | 28 | 43.00 | 1 | 2 | 0.00 | 0.00 |
| DM | 2 | 0 | 0 | 0 | 30 | 42 | 54.50 | 0 | 2 | 0.00 | 0.00 |
| AR | 1 | 2 | 1 | 0 | 30 | 47 | 69.67 | 1 | 3 | 0.00 | 0.00 |
| AG | 1 | 1 | 2 | 0 | 15 | 71 | 76.50 | 2 | 2 | 0.00 | 0.00 |
| KD | 1 | 0 | 0 | 0 | 15 | 72 | 72.00 | 0 | 1 | 0.00 | 0.00 |
| AWD | 0 | 1 | 0 | 0 | 10 | 127 | 127.00 | 0 | 0 | 0.00 | 0.00 |
| RR | 0 | 1 | 0 | 0 | 10 | 122 | 122.00 | 0 | 0 | 0.00 | 0.00 |
| MB | Bachianas Brasileiras | 15 | 19 |
| MV | Satis House | 15 | 28 |
| RC | Lucy poems | 15 | 30 |
| MB | Naming and Necessity | 15 | 31 |
| DM | hot | 15 | 42 |
| MB | playing piano | 15 | 44 |
| RC | Clifford Odets | 15 | 46 |
| AR | clarinet | 15 | 47 |
| MB | Gretchen | 15 | 55 |
| MB | Siegfried | 15 | 56 |